Paroles : la marée - L.E.J - Statistiques

Statistiques générales
  • Ce quiz a été pris 11 fois
  • Le résultat moyen est 368 sur 423
Statistiques - réponses
paroles % Correct
à
100%
A
100%
À
100%
ça
100%
calme
100%
ce
100%
c'est
100%
de
100%
des
100%
est
100%
et
100%
Et
100%
Il
100%
la
100%
La
100%
ma
100%
me
100%
pas
100%
pour
100%
que
100%
qui
100%
se
100%
une
100%
abscisses
86%
au
86%
au-dessus
86%
aux
86%
bascule
86%
bâtissent
86%
battent
86%
Bermudes
86%
bleue
86%
boulets
86%
bousculent
86%
branches
86%
Bras
86%
carte
86%
cartésienne
86%
clan
86%
colombe
86%
combien
86%
Comme
86%
comprends
86%
dans
86%
Dans
86%
depuis
86%
désordonnées
86%
disparaître
86%
du
86%
En
86%
en
86%
épaules
86%
étoiles
86%
Étrangère
86%
études
86%
faudra
86%
fausses
86%
feront
86%
fleurs
86%
Ils
86%
je
86%
Je
86%
jeter
86%
jungle
86%
le
86%
l'enfer
86%
Les
86%
les
86%
leurs
86%
lianes
86%
liés
86%
l'inverse
86%
L'Optimiste
86%
l'Optimiste
86%
l'ordre
86%
magiciens
86%
mais
86%
malgré
86%
manche
86%
mer
86%
mes
86%
Mes
86%
moins
86%
m'y
86%
ne
86%
neurones
86%
n'ont
86%
noués
86%
nous
86%
nuit
86%
Optimistes
86%
penchée
86%
Pendant
86%
peur
86%
pieds
86%
plus
86%
poids
86%
pourrait
86%
Pourtant
86%
qu'ils
86%
Qu'ils
86%
quitter
86%
rares
86%
rebaptiser
86%
renverse
86%
renvoie
86%
rêvons
86%
rien
86%
rouge
86%
sait
86%
sang
86%
si
86%
sont
86%
sous
86%
stade
86%
Sur
86%
sur
86%
temps
86%
tendus
86%
terrasse
86%
tête
86%
tomberai
86%
toutes
86%
tranchées
86%
trésor
86%
triangle
86%
vague
86%
vide
86%
voile
86%
vois
86%
abysses
71%
Bercée
71%
bonne
71%
cause
71%
chanson
71%
chanterai
71%
clandestins
71%
cordes
71%
cornées
71%
déboussolée
71%
Debout
71%
déployée
71%
distingue
71%
donné
71%
doute
71%
espérance
71%
Étaient
71%
fait
71%
fanent
71%
France
71%
geste
71%
gorge
71%
indices
71%
J'enlève
71%
livres
71%
mieux
71%
Nord
71%
nos
71%
n'soit
71%
pages
71%
par
71%
plier
71%
poings
71%
proie
71%
proue
71%
rêves
71%
seule
71%
soute
71%
Sud
71%
tisser
71%
toiles
71%
train
71%
vierges
71%
cape
57%
j'hisse
57%
lests
57%
m'entende
57%
qu'Eurydice
57%
qu'Orphée
57%
raidissent
57%
régner
57%
voix
57%
Aucun quiz correspondant
Distribution des résultats
% des personnes avec chaque résultat
Percentile par nombre de réponses
Votre historique - résultats
Vous n’avez pas pris ce quiz